| 000 | 00538nam a2200169Ia 4500 | ||
|---|---|---|---|
| 003 | IN-BaIIA | ||
| 008 | 211028s9999 xx 000 0 eng d | ||
| 020 | _a0-521-54621-4 | ||
| 040 | _cIIA Library | ||
| 080 |
_a523.07 _bINT |
||
| 245 | 3 |
_aAn introduction to astrobiology _cedited by Iain Gilmour and Mark A. Sephton |
|
| 260 |
_aCambridge _bCambridge University Press _c2003 |
||
| 300 | _avi, 358p. | ||
| 650 |
_aAstrobiology _925948 |
||
| 700 |
_aSephton, Mark A., ed. _928931 |
||
| 942 | _cBK | ||
| 999 |
_c15701 _d15701 |
||